000 00468nam a22001697a 4500
005 20240710100126.0
008 240710b |||||||| |||| 00| 0 eng d
020 _a9788129701787
082 _a005.268
_bMCM-D
100 _aMcmanus, jeffrey P.
245 _aDatabase Access With Visual Basic.Net /
_cJackie Goldstein
260 _aindia:
_bUSA:
_c2003.
300 _axiv, 440 p. :
_bill;
_c23 cm.
500 _aINCLUDE INDEX.
650 _aNetworking
999 _c36094
_d36094